=LDR 00000nam 2200000 4500 =001 INLIS000000000027285 =005 20130612125654 =008 ***********************************Ind** =035 ##$$0010-061300000027285 =041 ##$$a Ind =082 ##$$a 540.021 =090 ##$$a 540.021, Sri k =100 ##$$a Sri Lestari =245 ##$$a Kumpulan rumus kimia SMA, Sri lestari =260 ##$$a 2007 $b Jakarta =300 ##$$a x,224 hlm, 49 cm =650 ##$$a Rumusan kimia =700 ##$$a Tajudin =850 ##$$a NBPNMAT